|
|
|
|
| LEADER |
01025nam a2200265 a 4500 |
| 001 |
1653629 |
| 008 |
100704s1998 njua b 001 0 eng d |
| 010 |
|
|
|a 97026424
|
| 020 |
|
|
|a 0138993947
|
| 040 |
|
|
|a DLC
|c DLC
|d DLC
|d BD-DhAAL
|
| 082 |
0 |
0 |
|a 005.13/3
|2 21
|
| 100 |
1 |
|
|a Deitel, Harvey M.,
|d 1945-
|
| 245 |
1 |
0 |
|a Java :
|b how to program /
|c H.M. Deitel, P.J. Deitel.
|
| 250 |
|
|
|a 2nd ed.
|
| 260 |
|
|
|a Upper Saddle River, N.J. :
|b Prentice Hall,
|c c1998.
|
| 300 |
|
|
|a li, 1063 p. :
|b ill. (some col.) ;
|c 23 cm.
|
| 490 |
0 |
|
|a How to program series
|
| 504 |
|
|
|a Includes bibliographical references and index.
|
| 541 |
1 |
|
|e 00012370
|
| 650 |
|
0 |
|a Java (Computer program language)
|
| 650 |
|
0 |
|a Internet programming.
|
| 700 |
1 |
|
|a Deitel, Paul J.
|
| 852 |
4 |
|
|a Ayesha Abed Library
|j General shelf
|
| 999 |
|
|
|c 9172
|d 9172
|
| 952 |
|
|
|0 0
|1 0
|2 ddc
|4 0
|6 005_133000000000000_DEI
|7 0
|9 11512
|a BRACUL
|b BRACUL
|c GEN
|d 2010-07-04
|l 33
|m 180
|o 005.133 DEI
|p 3010012370
|q 2023-05-18
|r 2018-10-08
|s 2018-10-08
|t 1
|w 2010-07-04
|y BK
|x Price not available in Register
|